000 00828nam a22002177a 4500
010 _aB-146885
035 _aB-146885
037 _aCen Lib/Ret
040 _aDPL
_bEN
082 _a320.954
_bLAK
100 _aLaxmikanth, M.
_914583
245 _a Indian Polity
_cby M Laxmikanth
260 _aNew Delhi
_bTata McGraw Hill Education Private Limited
270 _aTata McGraw Hill Education Private Limited
_bNew Delhi
300 _axxi, 429p.
_b24cm(Hb)
490 _aTata McGraw-Hill's WE series
650 _a India -- Politics and government -- Examinations -- Study guides.
_9113631
650 _aPublic administration -- India -- Examinations -- Study guides.
_9113632
650 _aConstitutional law -- India -- Examinations -- Study guides.
_9113633
942 _2ddc
_cEN
_h320.954
_mLAK
999 _c136186
_d136186